000 00286nam a22001337a 4500
008 170530b xxu||||| |||| 00| 0 eng d
020 _a9780681410138
041 _aeng
080 _a94
100 _a17
101 _aSHH
245 _aIMADES OF BRITAIN
_cBAYH.M
942 _2udc
_cBK
999 _c15085
_d15085